Исследование различных методов коммерциализации инновационного продукта; Информационные технологии в науке, управлении, социальной сфере и медицине; Ч. 2

Bibliographische Detailangaben
Parent link:Информационные технологии в науке, управлении, социальной сфере и медицине: сборник научных трудов III Международной научной конференции, 23-26 мая 2016 г., Томск.— , 2016
Ч. 2.— 2016.— [С. 437-441]
1. Verfasser: Дудникова А. В.
Körperschaft: Национальный исследовательский Томский политехнический университет (ТПУ)
Zusammenfassung:Заглавие с титульного экрана
One of the main places in the innovation process takes the commercialization of innovations. Innovation must enter the market and should be profitable. Precisely this point is problematic. Commercialization of innovations is uniquely linked to innovation activities and defines it as a process in which the scientific result or technological development is implemented to produce a commercial effect. There are various forms of commercialization innovations, but there is no universal method of commercialization that's why it should be chosen carefully on the basis of internal enterprise factors, specificity of activity, industry.
Sprache:Russisch
Veröffentlicht: 2016
Schriftenreihe:Информационные технологии и моделирование в маркетинге
Schlagworte:
Online-Zugang:http://earchive.tpu.ru/handle/11683/31509
Format: Elektronisch Buchkapitel
KOHA link:https://koha.lib.tpu.ru/cgi-bin/koha/opac-detail.pl?biblionumber=619778

MARC

LEADER 00000naa2a2200000 4500
001 619778
005 20231101133058.0
035 |a (RuTPU)RU\TPU\conf\18214 
035 |a RU\TPU\conf\18213 
090 |a 619778 
100 |a 20160831d2016 k y0rusy50 ca 
101 0 |a rus 
102 |a RU 
105 |a y z 101zy 
135 |a drgn ---uucaa 
181 0 |a i  
182 0 |a b 
200 1 |a Исследование различных методов коммерциализации инновационного продукта  |d Research of different methods of innovative products commercialization  |f А. В. Дудникова 
203 |a Текст  |c электронный 
225 1 |a Информационные технологии и моделирование в маркетинге 
230 |a 1 компьютерный файл (pdf; 427 Kb) 
300 |a Заглавие с титульного экрана 
320 |a [Библиогр.: с. 441 (4 назв.)] 
330 |a One of the main places in the innovation process takes the commercialization of innovations. Innovation must enter the market and should be profitable. Precisely this point is problematic. Commercialization of innovations is uniquely linked to innovation activities and defines it as a process in which the scientific result or technological development is implemented to produce a commercial effect. There are various forms of commercialization innovations, but there is no universal method of commercialization that's why it should be chosen carefully on the basis of internal enterprise factors, specificity of activity, industry. 
461 1 |0 (RuTPU)RU\TPU\conf\17281  |t Информационные технологии в науке, управлении, социальной сфере и медицине  |o сборник научных трудов III Международной научной конференции, 23-26 мая 2016 г., Томск  |o в 2 ч.  |d 2016 
463 1 |0 (RuTPU)RU\TPU\conf\17287  |t Ч. 2  |f Национальный исследовательский Томский политехнический университет (ТПУ) ; под ред. О. Г. Берестневой [и др.]  |v [С. 437-441]  |d 2016 
510 1 |a Research of different methods of innovative products commercialization  |z eng 
610 1 |a труды учёных ТПУ 
610 1 |a электронные ресурсы 
610 1 |a инновации 
610 1 |a коммерциализация 
610 1 |a инновационные продукты 
610 1 |a рынки 
610 1 |a прибыль 
700 1 |a Дудникова  |b А. В. 
712 0 2 |a Национальный исследовательский Томский политехнический университет (ТПУ)  |c (2009- )  |2 stltpush  |3 (RuTPU)RU\TPU\col\15902 
801 2 |a RU  |b 63413507  |c 20160912  |g RCR 
856 4 |u http://earchive.tpu.ru/handle/11683/31509 
942 |c BK